000 00337nam a2200133Ia 4500
008 240624s9999 xx 000 0 und d
041 _aeng
082 _a920 LAR
100 _aLARSEN KRISTINE
245 _aSTEPHEN HAWKING A BIOGRAPHY
260 _c2010
_aMumbai
_bJaico Books
300 _axvii, : 165 : p. : cm. ; 24
365 _cRS
_b30
999 _c16451
_d16451